000 00393cam a22001097a 4500
008 180718b1972 xxu||||| |||| 00| 0 eng d
082 _aW E472i
245 _aInfluence of cost, quality and organisation of terminal trnasport and interchanges
_cby Economic Research Centre,France
260 _aParis
_bEconomic Research Centre
_c1972
300 _a133p.
700 _aFrance. Economic Research Centre
999 _c498520
_d498520